00584nam a2200229Ia 4500003000400000005001700004008004100021040000700062041001200069082001700081100002000098245004300118260003500161300002600196365001200222650002200234650002600256700001900282700001900301700001800320700001600338OSt20250822173407.0210423s2000 xx 000 0 und d cAL aEnglish a322.4 bAGNH aSwami Agnivesh  aHarvest of hateb: Gujarat under siege bStudent Aid Publicationsc2000 a140p.bPBc19.5x13cm. b80cINR aPolitical Science aRelation of the State aThampu, Valson aRoy, Arundhati aMandar, Harsh aGujral, I K